000 00557nam a2200169 a 4500
008 120416s1972 ||||||||||||||||| || u
050 _aHD 20.5 Cle
100 _aCleland, David I
245 1 0 _aManagement
246 _aa systems approach
260 _aNew York
_bMcGraw-Hill
_c[1972]
300 _axii, 442p. : ill.
350 _a0.00
650 _aMANAGEMENT--SYSTEMS APPROACH
650 0 _aMANAGEMENT
995 _D0.00
_FCBU-MAIN LIBRARY (Kitwe)
_H1
_I0.00
_M1
_UDAMAGED
_ZMain Library Open Access Collection
999 _c49826
_d49826